[Event "Landesklasse Ost 2015/2016"]
[Site "?"]
[Date "2015.10.25"]
[Round "2"]
[White "Schlierf, Andre"]
[Black "Kalisch, Michael"]
[Result "0-1"]
[WhiteElo "1859"]
[BlackElo "2026"]
[PlyCount "128"]
[EventDate "2015.??.??"]
[EventType "team"]
[SourceDate "2011.09.20"]
[WhiteTeam "Schachklub Weida"]
[BlackTeam "ESV Lok Sömmerda"]

1. c4 e5 2. Nc3 Nc6 3. g3 f5 4. d3 Nf6 5. Bg2 Bb4 6. Bg5 Bxc3+ 7. bxc3 O-O 8.
Nf3 d6 9. O-O Qe8 10. Rb1 Qh5 11. h4 Ng4 12. Bd2 Ne7 13. Nh2 Nxh2 14. Kxh2 c6
15. e3 Qf7 16. Rb2 Kh8 17. Bc1 Ng8 18. f4 Nf6 19. Bf3 e4 20. Be2 Be6 21. Qa4 c5
22. d4 Bd7 23. Qd1 b6 24. Rg1 Rfd8 25. d5 Qe8 26. Qf1 Rdb8 27. Qh3 h5 28. Bd2
g6 29. Rgb1 Ng8 30. Qf1 Nh6 31. Kg2 Kh7 32. Kh2 Nf7 33. Kg2 Kh6 34. Kh2 Qd8 35.
Kg2 Qc7 36. Kh2 Nd8 37. Kg2 a6 38. Kh2 Kg7 39. Kg2 Kh7 40. Qd1 Kh6 41. Qf1 a5
42. a3 Ra6 43. Kh2 a4 44. Rb5 Nb7 45. Qd1 Rba8 46. Qc2 Na5 47. R5b2 Rb8 48. Be1
Ra7 49. Kg2 Nb3 50. Kh2 Bc8 51. Kg2 Ba6 52. Kh2 Qd7 53. Kg2 Rab7 54. Kh2 Na5
55. Rb5 Nb3 56. Kg2 Qc7 57. R1xb3 axb3 58. Qxb3 Rc8 59. Bd2 Bxb5 60. Qxb5 Qd7
61. Qb3 Ra8 62. Bc1 Qa4 63. Bd1 Qxb3 64. Bxb3 Rba7 0-1

[Event "Landesklasse Ost 2015/2016"]
[Site "?"]
[Date "2015.10.25"]
[Round "2"]
[White "Kühn, Martin"]
[Black "Künzel, Andre"]
[Result "1-0"]
[WhiteElo "1914"]
[BlackElo "1868"]
[PlyCount "37"]
[EventDate "2015.??.??"]
[EventType "team"]
[SourceDate "2011.09.20"]
[WhiteTeam "ESV Lok Sömmerda"]
[BlackTeam "Schachklub Weida"]

1. d4 d6 2. c4 e5 3. Nc3 f5 4. Nf3 e4 5. Ng5 Be7 6. Nh3 c6 7. e3 Na6 8. Nf4 Nc7
9. Qh5+ g6 10. Nxg6 Nf6 11. Qh4 Rg8 12. Nxe7 Qxe7 13. f3 exf3 14. gxf3 Ne6 15.
Bd2 f4 16. O-O-O Bd7 17. d5 cxd5 18. cxd5 Nxd5 19. Qh5+ 1-0

[Event "Landesklasse Ost 2015/2016"]
[Site "?"]
[Date "2015.10.25"]
[Round "2"]
[White "Schumann, Robert"]
[Black "Siegemund, Joachim"]
[Result "0-1"]
[WhiteElo "1790"]
[BlackElo "1998"]
[PlyCount "93"]
[EventDate "2015.??.??"]
[EventType "team"]
[SourceDate "2011.09.20"]
[WhiteTeam "Schachklub Weida"]
[BlackTeam "ESV Lok Sömmerda"]

1. d4 Nf6 2. Nf3 e6 3. e3 b6 4. Bd3 Bb7 5. Nbd2 c5 6. O-O Be7 7. b3 cxd4 8.
exd4 O-O 9. Bb2 Nc6 10. a3 Re8 11. Ne5 d6 12. Nec4 Rc8 13. f4 b5 14. Ne3 Qb6
15. c3 e5 16. fxe5 dxe5 17. Rxf6 Bxf6 18. Nd5 Qd8 19. Nxf6+ Qxf6 20. d5 Ne7 21.
Kh1 Bxd5 22. Bxb5 Red8 23. Qe2 Qh6 24. Rg1 Nf5 25. Nf1 f6 26. c4 Bb7 27. b4 Rd2
28. Qg4 Rxb2 29. Qxf5 Qg6 30. Qe6+ Qf7 31. Qf5 Rd8 32. c5 g6 33. Qh3 Bd5 34. c6
Rb3 35. Qh4 Rxa3 36. Nd2 g5 37. Qg4 a6 38. Nc4 Ra2 39. Nxe5 Qe7 40. c7 Qxc7 41.
Bc4 Qxe5 42. Rd1 Ra1 43. Bxd5+ Rxd5 44. Qc8+ Kg7 45. Qb7+ Kg6 46. Qxd5 Qxd5 47.
Rxa1 0-1

[Event "Landesklasse Ost 2015/2016"]
[Site "?"]
[Date "2015.10.25"]
[Round "2"]
[White "Koksch, Robert"]
[Black "Heine, Robert"]
[Result "1-0"]
[WhiteElo "1874"]
[BlackElo "1573"]
[PlyCount "67"]
[EventDate "2015.??.??"]
[EventType "team"]
[SourceDate "2011.09.20"]
[WhiteTeam "ESV Lok Sömmerda"]
[BlackTeam "Schachklub Weida"]

1. d4 d6 2. c4 Nf6 3. Nc3 Nbd7 4. e4 e5 5. Be2 c6 6. Be3 Be7 7. h3 O-O 8. Qd2
Qc7 9. Nf3 Re8 10. O-O Nf8 11. Rab1 a5 12. Rfc1 Bd7 13. a3 Ng6 14. b4 axb4 15.
axb4 Qc8 16. Kh2 h6 17. Rb3 Nh7 18. d5 f5 19. exf5 Bxf5 20. Bd3 Nf6 21. Qc2
Bxd3 22. Qxd3 Nf4 23. Bxf4 exf4 24. Rd1 Nd7 25. Ne4 Ne5 26. Nxe5 dxe5 27. d6
Rd8 28. dxe7 Rd4 29. Qe2 Qe6 30. Rxd4 exd4 31. Nf6+ Kf7 32. Qxe6+ Kxe6 33.
e8=Q+ Rxe8 34. Nxe8 1-0

[Event "Landesklasse Ost 2015/2016"]
[Site "?"]
[Date "2015.10.25"]
[Round "2"]
[White "Wagner, Uwe"]
[Black "Kirste, Olaf"]
[Result "0-1"]
[WhiteElo "1713"]
[BlackElo "1934"]
[PlyCount "68"]
[EventDate "2015.??.??"]
[EventType "team"]
[SourceDate "2011.09.20"]
[WhiteTeam "Schachklub Weida"]
[BlackTeam "ESV Lok Sömmerda"]

1. Nf3 g6 2. e3 Bg7 3. d4 Nf6 4. Nbd2 d6 5. b3 c6 6. Bb2 Bf5 7. c4 Qa5 8. a3
Nbd7 9. b4 Qc7 10. Rc1 O-O 11. Nh4 Bg4 12. f3 Be6 13. d5 Nxd5 14. cxd5 Bxb2 15.
dxe6 Bxc1 16. exf7+ Rxf7 17. Qxc1 d5 18. f4 e5 19. g3 Re8 20. Kf2 g5 21. Nhf3
exf4 22. gxf4 gxf4 23. Rg1+ Kf8 24. exf4 Qxf4 25. Rg3 Re6 26. Bd3 Qe3+ 27. Kg2
Qxd3 28. Qb2 Re2+ 29. Kh1 d4 30. Nxd4 Qxd2 31. Ne6+ Ke7 32. Qxd2 Rf1+ 33. Rg1
Rxg1+ 34. Kxg1 Rxd2 0-1

[Event "Landesklasse Ost 2015/2016"]
[Site "?"]
[Date "2015.10.25"]
[Round "2"]
[White "Böhnke, Hartmut"]
[Black "Urban, Bernd"]
[Result "1/2-1/2"]
[WhiteElo "1756"]
[BlackElo "1739"]
[PlyCount "96"]
[EventDate "2015.??.??"]
[EventType "team"]
[SourceDate "2011.09.20"]
[WhiteTeam "ESV Lok Sömmerda"]
[BlackTeam "Schachklub Weida"]

1. b4 d5 2. Bb2 e6 3. e3 Nf6 4. b5 Be7 5. Nf3 O-O 6. c4 c6 7. a4 a6 8. Nc3 axb5
9. axb5 Rxa1 10. Qxa1 Nbd7 11. Be2 e5 12. cxd5 e4 13. Nd4 cxd5 14. Nf5 Re8 15.
O-O Bf8 16. d3 Nc5 17. dxe4 dxe4 18. Rd1 Qb6 19. Ng3 Rd8 20. Na4 Rxd1+ 21. Qxd1
Nxa4 22. Qxa4 Bd7 23. Bxf6 Qxf6 24. Nxe4 Qb2 25. Ng3 g6 26. Bf1 Qb1 27. Qe4
Qxe4 28. Nxe4 Kg7 29. Bc4 Bb4 30. Ng5 f5 31. Kf1 h6 32. Nf3 Kf6 33. Nd4 Be8 34.
Bd5 b6 35. Ke2 Ke5 36. Bc4 Kd6 37. Kd3 Ba3 38. f3 Bc5 39. e4 Ke5 40. Ne2 fxe4+
41. fxe4 g5 42. g4 Bd7 43. h3 Be6 44. Bxe6 Kxe6 45. Nd4+ Ke5 46. Nf5 Bf8 47.
Ke3 Bc5+ 48. Kf3 Bf8 1/2-1/2

[Event "Landesklasse Ost 2015/2016"]
[Site "?"]
[Date "2015.10.25"]
[Round "2"]
[White "Heine, Mario"]
[Black "Severino, Leonardo"]
[Result "1-0"]
[WhiteElo "1784"]
[BlackElo "1713"]
[PlyCount "139"]
[EventDate "2015.??.??"]
[EventType "team"]
[SourceDate "2011.09.20"]
[WhiteTeam "Schachklub Weida"]
[BlackTeam "ESV Lok Sömmerda"]

1. d4 d5 2. Nf3 Nf6 3. e3 c5 4. c3 e6 5. Bd3 Bd6 6. Nbd2 Nc6 7. O-O O-O 8. Re1
Qc7 9. Nf1 e5 10. dxe5 Nxe5 11. Nxe5 Bxe5 12. a4 Bg4 13. f3 Bh5 14. Qd2 Bg6 15.
Re2 Rad8 16. Bxg6 hxg6 17. Qe1 Qc6 18. Qf2 Nd7 19. Rc2 c4 20. Qh4 Bf6 21. Qf2
Nc5 22. a5 Rfe8 23. Ra3 Be7 24. Qg3 Nd3 25. b4 Bd6 26. f4 Re7 27. Bd2 Rde8 28.
Ra1 b5 29. axb6 Qxb6 30. Kh1 Ra8 31. h4 a5 32. Qf3 Qc6 33. Rca2 a4 34. Ng3 Rea7
35. Ra3 Qb7 36. Ne2 Bc7 37. Nd4 Bb6 38. Nc2 Qe7 39. g3 Qe6 40. Kh2 Qe4 41. Qxe4
dxe4 42. Kg2 Rd7 43. Nd4 Kf8 44. Kf1 Bxd4 45. cxd4 Ke7 46. Ke2 Ke6 47. g4 Rh8
48. Rh1 Ra7 49. Bc3 Kd5 50. b5 Rb8 51. Rb1 Rab7 52. Rxa4 Rxb5 53. Rxb5+ Rxb5
54. Ra7 Rb1 55. Rxf7 Nc1+ 56. Kd1 Nb3+ 57. Kc2 Rc1+ 58. Kb2 Rg1 59. Rxg7 Rg2+
60. Ka3 Rxg4 61. h5 gxh5 62. Rg5+ Rxg5 63. fxg5 Ke6 64. Kb4 Kf5 65. Kxc4 Nc1
66. Kd5 Kxg5 67. Kxe4 Kf6 68. Kd5 Ke7 69. Kc6 Nd3 70. d5 1-0

[Event "Landesklasse Ost 2015/2016"]
[Site "?"]
[Date "2015.10.25"]
[Round "2"]
[White "Vogel, Alfred"]
[Black "Lehmann, Volkhard"]
[Result "1/2-1/2"]
[WhiteElo "1719"]
[BlackElo "1668"]
[PlyCount "108"]
[EventDate "2015.??.??"]
[EventType "team"]
[SourceDate "2011.09.20"]
[WhiteTeam "ESV Lok Sömmerda"]
[BlackTeam "Schachklub Weida"]

1. e4 c5 2. Nc3 Nc6 3. f4 e6 4. Nf3 a6 5. g3 b5 6. Bg2 Bb7 7. d3 Rb8 8. O-O g6
9. Be3 Nf6 10. h3 Qc7 11. e5 Nh5 12. g4 Ng7 13. Ne4 Nb4 14. Nf6+ Ke7 15. Ne4
Ke8 16. Qd2 Nd5 17. Bf2 h5 18. c4 Nb6 19. Nf6+ Ke7 20. Bh4 Qc6 21. Ne1 Qc8 22.
Bg5 hxg4 23. hxg4 Bxg2 24. Kxg2 Qc6+ 25. Nf3 bxc4 26. d4 Na4 27. Rab1 Rb5 28.
d5 exd5 29. Nxd5+ Ke8 30. Nf6+ Kd8 31. Nxd7+ Kc7 32. Rfd1 Ne6 33. Bf6 Nd4 34.
Qf2 Qxd7 35. Bxh8 Qxg4+ 36. Qg3 Qxg3+ 37. Kxg3 Nf5+ 38. Kf2 Nxb2 39. Rg1 c3 40.
Ne1 c4 41. e6 Bc5+ 42. Kg2 Ne3+ 43. Kf3 fxe6 44. Bxc3 Nd5 45. Be5+ Kd7 46. Rxg6
c3 47. Rg2 Nc4 48. Rxb5 axb5 49. Nd3 Ba3 50. Bd4 Kd6 51. Rc2 b4 52. Ke2 Kc7 53.
Kf3 Kd6 54. Ke2 Kc7 1/2-1/2

[Event "Landesklasse Ost 2015/2016"]
[Site "?"]
[Date "2015.10.25"]
[Round "2"]
[White "Zahn, Alina"]
[Black "Weiß, Thomas"]
[Result "1/2-1/2"]
[WhiteElo "2022"]
[BlackElo "1912"]
[PlyCount "78"]
[EventDate "2015.??.??"]
[EventType "team"]
[SourceDate "2011.09.20"]
[WhiteTeam "SV Empor Erfurt"]
[BlackTeam "SSV Vimaria 91 Weimar"]

1. e4 e6 2. d4 d5 3. Nd2 c5 4. Ngf3 Nc6 5. exd5 exd5 6. Bb5 Bd6 7. dxc5 Bxc5 8.
O-O Nge7 9. Nb3 Bd6 10. Re1 O-O 11. Bg5 Bg4 12. h3 Bh5 13. c3 h6 14. Bxe7 Nxe7
15. Nbd4 Qb6 16. a4 a6 17. a5 Qc5 18. Be2 Bg6 19. Bd3 Rfe8 20. Nh4 Bxd3 21.
Qxd3 Bc7 22. g3 Rad8 23. Qf3 Nc6 24. Nxc6 Qxc6 25. Nf5 Qf6 26. Rxe8+ Rxe8 27.
Rd1 Bxa5 28. Rxd5 Qc6 29. Nd4 Qc7 30. Qg4 g6 31. h4 Bb6 32. h5 Bxd4 33. Qxd4
Qc6 34. hxg6 Qxg6 35. Kg2 Kh7 36. Rd6 Re6 37. Rd8 Qg7 38. Qd3+ Qg6 39. Qd4 Qg7
1/2-1/2

[Event "Landesklasse Ost 2015/2016"]
[Site "?"]
[Date "2015.10.25"]
[Round "2"]
[White "Anschütz, Mario"]
[Black "Sieber, Stephan"]
[Result "1/2-1/2"]
[WhiteElo "1868"]
[BlackElo "2112"]
[PlyCount "33"]
[EventDate "2015.??.??"]
[EventType "team"]
[SourceDate "2011.09.20"]
[WhiteTeam "SSV Vimaria 91 Weimar"]
[BlackTeam "SV Empor Erfurt"]

1. d4 f5 2. c4 Nf6 3. Nc3 g6 4. Bg5 Bg7 5. e3 d6 6. Bd3 e5 7. f3 h6 8. Bh4 exd4
9. exd4 O-O 10. Nge2 Nc6 11. Qd2 Qe8 12. O-O-O Qf7 13. Bf2 Nh5 14. g3 Kh7 15.
b3 a6 16. h4 Rb8 17. Rdg1 1/2-1/2

[Event "Landesklasse Ost 2015/2016"]
[Site "?"]
[Date "2015.10.25"]
[Round "2"]
[White "Taudte, Stefan"]
[Black "Plontke, Ingo"]
[Result "1/2-1/2"]
[WhiteElo "1946"]
[BlackElo "1855"]
[PlyCount "50"]
[EventDate "2015.??.??"]
[EventType "team"]
[SourceDate "2011.09.20"]
[WhiteTeam "SV Empor Erfurt"]
[BlackTeam "SSV Vimaria 91 Weimar"]

1. d4 f5 2. c4 Nf6 3. Nc3 g6 4. f3 Bg7 5. e4 d6 6. Bd3 fxe4 7. fxe4 Nc6 8. Nf3
Bg4 9. Be3 e5 10. d5 Nd4 11. Be2 Bxf3 12. Bxf3 O-O 13. O-O c6 14. Qd2 cxd5 15.
cxd5 b5 16. Bxd4 exd4 17. Ne2 Nd7 18. Nxd4 Qb6 19. Rad1 Ne5 20. b3 Rae8 21. Kh1
Ng4 22. Bxg4 Qxd4 23. Be6+ Kh8 24. Qxd4 Bxd4 25. Bf7 Rxe4 1/2-1/2

[Event "Landesklasse Ost 2015/2016"]
[Site "?"]
[Date "2015.10.25"]
[Round "2"]
[White "Vogel, Steffen"]
[Black "Elkhanov, Leonid"]
[Result "1-0"]
[WhiteElo "1803"]
[BlackElo "1827"]
[PlyCount "79"]
[EventDate "2015.??.??"]
[EventType "team"]
[SourceDate "2011.09.20"]
[WhiteTeam "SSV Vimaria 91 Weimar"]
[BlackTeam "SV Empor Erfurt"]

1. d4 d5 2. c4 e6 3. Nc3 Nf6 4. Bg5 Be7 5. e3 O-O 6. Nf3 a6 7. cxd5 exd5 8. Qc2
Re8 9. Bd3 h6 10. Bh4 Nc6 11. a3 Ng4 12. Bg3 Bf8 13. O-O Be6 14. Ne2 Bd6 15.
Nf4 Qd7 16. Nxe6 fxe6 17. Nh4 Ne7 18. Qe2 Bxg3 19. Qxg4 Bxh4 20. Qxh4 Nf5 21.
Qh3 Rf8 22. g4 Nd6 23. Kh1 Ne4 24. f3 Ng5 25. Qg2 Qe7 26. Rac1 c6 27. Bb1 Nh7
28. Qc2 Nf6 29. g5 hxg5 30. Rg1 Rf7 31. Qg6 e5 32. Rxg5 exd4 33. e4 dxe4 34.
fxe4 Kf8 35. Rf1 Qe6 36. e5 Qd5+ 37. Kg1 d3 38. exf6 Qd4+ 39. Kh1 Rxf6 40.
Qxg7+ 1-0

[Event "Landesklasse Ost 2015/2016"]
[Site "?"]
[Date "2015.10.25"]
[Round "2"]
[White "Nicolai, Tim"]
[Black "Mitter, Frank"]
[Result "0-1"]
[WhiteElo "1828"]
[BlackElo "1767"]
[PlyCount "104"]
[EventDate "2015.??.??"]
[EventType "team"]
[SourceDate "2011.09.20"]
[WhiteTeam "SV Empor Erfurt"]
[BlackTeam "SSV Vimaria 91 Weimar"]

1. e4 c5 2. Nf3 Nc6 3. d4 cxd4 4. Nxd4 Nf6 5. Nc3 d6 6. f3 e5 7. Nb3 Be7 8. Be3
Be6 9. Qd2 d5 10. exd5 Nxd5 11. Nxd5 Bxd5 12. O-O-O Be6 13. Qxd8+ Rxd8 14.
Rxd8+ Bxd8 15. Bc5 a6 16. Bd3 f5 17. Re1 Kf7 18. Bd6 Bf6 19. Nc5 Bc8 20. Bc4+
Kg6 21. Nd3 Re8 22. Bd5 Rd8 23. Bxc6 Rxd6 24. Be8+ Kh6 25. Nxe5 Be6 26. f4 g5
27. Bf7 Kg7 28. Bxe6 Rxe6 29. g3 h6 30. c3 Bxe5 31. fxe5 Kg6 32. Kd2 f4 33. g4
Kf7 34. Kd3 Rb6 35. b4 Ke6 36. Kd4 Rb5 37. c4 Rxb4 38. a3 Ra4 39. Kc5 Rxa3 40.
Rb1 b5 41. h4 Rc3 42. hxg5 Rxc4+ 43. Kb6 hxg5 44. Kxa6 b4 45. Re1 b3 46. Kb5
Rc2 47. Kb4 b2 48. Rb1 Kxe5 49. Kb3 Re2 50. Ka2 Ke4 51. Rf1 f3 52. Kb1 Kf4 0-1

[Event "Landesklasse Ost 2015/2016"]
[Site "?"]
[Date "2015.10.25"]
[Round "2"]
[White "Reichardt, Albert"]
[Black "Strauch, Martin"]
[Result "1-0"]
[WhiteElo "1675"]
[BlackElo "1766"]
[PlyCount "29"]
[EventDate "2015.??.??"]
[EventType "team"]
[SourceDate "2011.09.20"]
[WhiteTeam "SSV Vimaria 91 Weimar"]
[BlackTeam "SV Empor Erfurt"]

1. e4 d5 2. exd5 Nf6 3. d4 Bg4 4. Nf3 Qxd5 5. Be3 Nc6 6. Be2 O-O-O 7. O-O e6 8.
c3 h5 9. b4 a6 10. a4 h4 11. h3 Bh5 12. b5 axb5 13. axb5 Bxf3 14. bxc6 Bxe2 15.
Ra8# 1-0

[Event "Landesklasse Ost 2015/2016"]
[Site "?"]
[Date "2015.10.25"]
[Round "2"]
[White "Streichardt, Niklas"]
[Black "Lieke, Arno"]
[Result "1-0"]
[WhiteElo "1694"]
[BlackElo "1641"]
[PlyCount "111"]
[EventDate "2015.??.??"]
[EventType "team"]
[SourceDate "2011.09.20"]
[WhiteTeam "SV Empor Erfurt"]
[BlackTeam "SSV Vimaria 91 Weimar"]

1. e4 c6 2. d4 d5 3. exd5 cxd5 4. Bd3 Nf6 5. c3 e6 6. Bf4 Qb6 7. b3 Bd6 8. Ne2
Nbd7 9. Bxd6 Qxd6 10. f4 Ne4 11. Nd2 f5 12. Nf3 O-O 13. Qc2 b6 14. Ne5 Bb7 15.
h3 Nxe5 16. fxe5 Qe7 17. O-O Qh4 18. Rf4 Qg5 19. Raf1 Rac8 20. R1f3 Qh6 21. h4
g6 22. Bb5 Rc7 23. Qd3 Rfc8 24. c4 Qg7 25. cxd5 Bxd5 26. Ba6 Bb7 27. Bxb7 Rxb7
28. Ng3 Rc3 29. Qd1 Rxf3 30. Rxf3 Nxg3 31. Rxg3 Rc7 32. Qd2 h5 33. Qg5 Kh7 34.
Qd8 Qe7 35. Qxe7+ Rxe7 36. Rd3 Kg7 37. Kf2 Kf7 38. Ke3 Rc7 39. Rd2 Rc1 40. Kf4
Rc3 41. g3 Rc1 42. Rd3 Rf1+ 43. Ke3 Rg1 44. Kf2 Rc1 45. a4 a6 46. Ke2 Rc2+ 47.
Kf3 Rc1 48. Kf4 Rf1+ 49. Ke3 Re1+ 50. Kd2 Re4 51. Kc3 f4 52. Rf3 Re3+ 53. Rxe3
fxe3 54. Kd3 g5 55. Kxe3 Kg6 56. Ke4 1-0

[Event "Landesklasse Ost 2015/2016"]
[Site "?"]
[Date "2015.10.25"]
[Round "2"]
[White "Splittgerber, Frank"]
[Black "Thiemann, Jürgen"]
[Result "1-0"]
[WhiteElo "1804"]
[BlackElo "1692"]
[PlyCount "117"]
[EventDate "2015.??.??"]
[EventType "team"]
[SourceDate "2011.09.20"]
[WhiteTeam "SSV Vimaria 91 Weimar"]
[BlackTeam "SV Empor Erfurt"]

1. c4 Nf6 2. Nc3 c5 3. Nf3 Nc6 4. d4 cxd4 5. Nxd4 Nxd4 6. Qxd4 d6 7. e4 e5 8.
Qd3 h6 9. Be2 Be6 10. b3 Be7 11. O-O g5 12. Ba3 a6 13. Rac1 Qa5 14. Bb2 Qb4 15.
Rfd1 Rc8 16. Rd2 O-O 17. Rcd1 Rc6 18. Nb1 Qa5 19. a4 Kh7 20. Ba3 Qc7 21. Nc3
Qb8 22. Nd5 Ng8 23. Nxe7 Nxe7 24. Bxd6 Qe8 25. Bxe5 f6 26. Bb2 Ng6 27. Bh5 Bf7
28. Bxg6+ Bxg6 29. Qd7+ Qf7 30. f3 Kg8 31. Ba3 Qxd7 32. Rxd7 Rf7 33. a5 b6 34.
R7d6 Rxd6 35. Rxd6 bxa5 36. Rxa6 Rb7 37. Rxa5 Rxb3 38. c5 Be8 39. Ra7 Rd3 40.
Kf2 h5 41. Bb4 Rb3 42. Bd2 Rb5 43. Be3 Rb4 44. e5 fxe5 45. Bxg5 Bc6 46. Rc7 Bd5
47. Rd7 Bb7 48. Rd8+ Kg7 49. Rb8 Rb5 50. h4 Bc6 51. Rxb5 Bxb5 52. Ke3 Bc6 53.
g4 Kg6 54. Bd8 Bd5 55. gxh5+ Kxh5 56. f4 e4 57. f5 Kg4 58. f6 Kf5 59. c6 1-0

[Event "Landesklasse Ost 2015/2016"]
[Site "?"]
[Date "2015.10.25"]
[Round "2"]
[White "Neubauer, Ralf"]
[Black "Dietrich, Mareike"]
[Result "1-0"]
[WhiteElo "1866"]
[BlackElo "1660"]
[PlyCount "53"]
[EventDate "2015.??.??"]
[EventType "team"]
[SourceDate "2011.09.20"]
[WhiteTeam "SV Schott Jena"]
[BlackTeam "SV Empor Erfurt"]

1. d4 d5 2. c4 c6 3. Nf3 Nf6 4. Nc3 dxc4 5. a4 Bf5 6. e3 e6 7. Bxc4 Bb4 8. O-O
Nbd7 9. Qe2 O-O 10. Rd1 Qc7 11. Nh4 Bg6 12. Nxg6 hxg6 13. e4 Nb6 14. Bb3 c5 15.
dxc5 Bxc5 16. a5 Nbd7 17. g3 Nh5 18. Nb5 Qc8 19. Bg5 Nhf6 20. Rac1 b6 21. e5
Nh7 22. Be7 Qb7 23. Bxf8 Nhxf8 24. Nd6 Qb8 25. Ba4 a6 26. Bxd7 Nxd7 27. Nxf7
1-0

[Event "Landesklasse Ost 2015/2016"]
[Site "?"]
[Date "2015.10.25"]
[Round "2"]
[White "Renner, Wolfgang"]
[Black "Bönisch, Julian"]
[Result "1/2-1/2"]
[WhiteElo "1689"]
[BlackElo "1615"]
[PlyCount "42"]
[EventDate "2015.??.??"]
[EventType "team"]
[SourceDate "2011.09.20"]
[WhiteTeam "SV Empor Erfurt"]
[BlackTeam "SV Schott Jena"]

1. Nf3 Nf6 2. g3 g6 3. b3 Bg7 4. Bb2 O-O 5. Bg2 d6 6. d4 Nbd7 7. O-O e5 8. dxe5
Ng4 9. Nbd2 Ngxe5 10. Rb1 Nxf3+ 11. Nxf3 Bxb2 12. Rxb2 Qf6 13. Rb1 Ne5 14. Nd4
c6 15. Qd2 d5 16. Rbe1 Be6 17. f4 Ng4 18. e4 dxe4 19. Nxe6 e3 20. Qe2 Qxe6 21.
h3 Nf6 1/2-1/2

[Event "Landesklasse Ost 2015/2016"]
[Site "?"]
[Date "2015.10.25"]
[Round "2"]
[White "Werner, Martin"]
[Black "Kompe, Jörg"]
[Result "1/2-1/2"]
[WhiteElo "1473"]
[BlackElo "1828"]
[PlyCount "31"]
[EventDate "2015.??.??"]
[EventType "team"]
[SourceDate "2011.09.20"]
[WhiteTeam "SV Schott Jena"]
[BlackTeam "SV Empor Erfurt"]

1. Nf3 Nf6 2. g3 g6 3. Bg2 d5 4. O-O Bg7 5. d4 O-O 6. Nbd2 Nbd7 7. c4 c6 8. b4
e5 9. Nxe5 Nxe5 10. dxe5 Ng4 11. cxd5 cxd5 12. Rb1 Nxe5 13. Nf3 Bf5 14. Rb3 Nc6
15. e3 Be4 16. Bb2 1/2-1/2

[Event "Landesklasse Ost 2015/2016"]
[Site "?"]
[Date "2015.10.25"]
[Round "2"]
[White "Zugehör, Frank"]
[Black "Tran, Tan"]
[Result "1-0"]
[WhiteElo "1885"]
[BlackElo "878"]
[PlyCount "59"]
[EventDate "2015.??.??"]
[EventType "team"]
[SourceDate "2011.09.20"]
[WhiteTeam "SV Empor Erfurt"]
[BlackTeam "SV Schott Jena"]

1. Nf3 d5 2. g3 Nf6 3. d3 e6 4. Bg2 Bc5 5. O-O O-O 6. Nbd2 Nc6 7. c4 Re8 8. a3
b6 9. b4 Be7 10. Qc2 Bb7 11. Rb1 a6 12. Bb2 a5 13. b5 Na7 14. Rfc1 Qd6 15. Be5
Qd8 16. cxd5 Nxd5 17. e4 f6 18. Bb2 Nxb5 19. exd5 Bxd5 20. a4 Nd6 21. Qxc7 Qxc7
22. Rxc7 Rac8 23. Rbc1 Rxc7 24. Rxc7 Bd8 25. Rd7 Nb7 26. Nd4 Nc5 27. Bxd5 Nxd7
28. Bxe6+ Rxe6 29. Nxe6 Ne5 30. Bxe5 1-0

[Event "Landesklasse Ost 2015/2016"]
[Site "?"]
[Date "2015.10.25"]
[Round "2"]
[White "Gillert, Fabian"]
[Black "Wahlicht, Mike"]
[Result "0-1"]
[WhiteElo "1097"]
[BlackElo "1731"]
[PlyCount "50"]
[EventDate "2015.??.??"]
[EventType "team"]
[SourceDate "2011.09.20"]
[WhiteTeam "SV Schott Jena"]
[BlackTeam "SV Empor Erfurt"]

1. e4 c5 2. Nf3 Nc6 3. Nc3 a6 4. Bc4 b5 5. Bd5 e6 6. Bxc6 dxc6 7. d3 Nf6 8. Bf4
Be7 9. Qd2 Bb7 10. Rd1 O-O 11. O-O Qa5 12. Nd5 Qd8 13. Bc7 Qe8 14. Nxf6+ gxf6
15. Bf4 Kh8 16. a3 a5 17. Bc7 a4 18. d4 cxd4 19. Qxd4 c5 20. Qe3 Qc6 21. Bg3
Qxe4 22. Qxe4 Bxe4 23. c3 Rfd8 24. Bc7 Rd5 25. Nd2 Bc2 0-1

[Event "Landesklasse Ost 2015/2016"]
[Site "?"]
[Date "2015.10.25"]
[Round "2"]
[White "Ulrich, Thomas"]
[Black "Falk, Peter"]
[Result "1-0"]
[WhiteElo "1532"]
[BlackElo "1549"]
[PlyCount "59"]
[EventDate "2015.??.??"]
[EventType "team"]
[SourceDate "2011.09.20"]
[WhiteTeam "SV Empor Erfurt"]
[BlackTeam "SV Schott Jena"]

1. e4 Nf6 2. e5 Nd5 3. d4 d6 4. c4 Nb6 5. exd6 exd6 6. Nf3 Bg4 7. h3 Bh5 8. Be2
Be7 9. O-O O-O 10. Re1 Bg6 11. Nc3 Nc6 12. a3 Bf6 13. Be3 Re8 14. b4 Ne7 15.
Bg5 Nd7 16. Bxf6 Nxf6 17. Nh4 Rc8 18. Bf3 c6 19. Qd2 d5 20. Nxg6 Nxg6 21. Rxe8+
Qxe8 22. cxd5 cxd5 23. Nxd5 Nxd5 24. Bxd5 Qd7 25. Bb3 Qf5 26. Re1 h6 27. Qe3
Kf8 28. d5 Qf4 29. Qxa7 Qd2 30. Qe3 1-0

[Event "Landesklasse Ost 2015/2016"]
[Site "?"]
[Date "2015.10.25"]
[Round "2"]
[White "Monossova, Maria"]
[Black "Mattner, Uwe"]
[Result "1/2-1/2"]
[WhiteElo "1590"]
[BlackElo "1578"]
[PlyCount "49"]
[EventDate "2015.??.??"]
[EventType "team"]
[SourceDate "2011.09.20"]
[WhiteTeam "SV Schott Jena"]
[BlackTeam "SV Empor Erfurt"]

1. d4 d5 2. Nf3 e6 3. e3 Nf6 4. Bd3 c5 5. c3 Nc6 6. Nbd2 cxd4 7. exd4 Be7 8.
O-O O-O 9. Re1 Qc7 10. Ne5 Nxe5 11. dxe5 Nd7 12. Qh5 f5 13. Nf3 Nc5 14. Bc2 Ne4
15. Bxe4 fxe4 16. Nd4 Bc5 17. Re3 Qf7 18. Qxf7+ Rxf7 19. b4 Bxd4 20. cxd4 Rc7
21. Bb2 Rc2 22. Rb1 Bd7 23. Rc3 Rc8 24. Rxc8+ Rxc8 25. Rc1 1/2-1/2

[Event "Landesklasse Ost 2015/2016"]
[Site "?"]
[Date "2015.10.25"]
[Round "2"]
[White "Quednau, Klaus"]
[Black "Seliokaite, Ana"]
[Result "1-0"]
[WhiteElo "1905"]
[BlackElo "1163"]
[PlyCount "41"]
[EventDate "2015.??.??"]
[EventType "team"]
[SourceDate "2011.09.20"]
[WhiteTeam "SV Empor Erfurt"]
[BlackTeam "SV Schott Jena"]

1. d4 d5 2. c4 c6 3. Nc3 e6 4. Nf3 Nd7 5. Bf4 f6 6. e3 b6 7. cxd5 cxd5 8. Bd3
Ne7 9. Nb5 Kf7 10. Bc7 Qe8 11. Nd6+ Kg8 12. Nxe8 Ng6 13. h4 a6 14. h5 Ne7 15.
Nh4 g6 16. hxg6 hxg6 17. Qg4 Kf7 18. Bxg6+ Nxg6 19. Qxg6+ Ke7 20. Nd6 Ra7 21.
Qf7# 1-0

[Event "Landesklasse Ost 2015/2016"]
[Site "?"]
[Date "2015.10.25"]
[Round "2"]
[White "Sack, Matthias"]
[Black "Wagner, Günther"]
[Result "1-0"]
[WhiteElo "1962"]
[BlackElo "1776"]
[PlyCount "77"]
[EventDate "2015.??.??"]
[EventType "team"]
[SourceDate "2011.09.20"]
[WhiteTeam "SV Hermsdorf"]
[BlackTeam "SV Jenapharm Jena"]

1. e4 c5 2. c3 d6 3. d4 Nf6 4. Bd3 Nc6 5. Nf3 e5 6. d5 Ne7 7. Bg5 Bd7 8. Qb3 b6
9. Nbd2 Ng6 10. Bb5 Be7 11. Bxf6 Bxf6 12. Nc4 Be7 13. g3 O-O 14. Ne3 Rc8 15. h4
Rc7 16. Bxd7 Qxd7 17. h5 Nh8 18. c4 f6 19. Nf5 Nf7 20. a4 Nh6 21. N3h4 Nxf5 22.
Nxf5 Rb8 23. Qf3 Bf8 24. Kf1 a6 25. Kg2 b5 26. axb5 axb5 27. b3 bxc4 28. bxc4
Rcb7 29. Qg4 Kh8 30. Qh4 Qf7 31. Ra6 Rb6 32. Rha1 Rxa6 33. Rxa6 Rd8 34. Qg4 g6
35. hxg6 hxg6 36. Nh4 Kh7 37. Ra7 Be7 38. Nxg6 Qxg6 39. Rxe7+ 1-0